Southville International School and Colleges
Your cart is empty.
  • Cart
  • Lists
    Public lists Eva Luna New books Lux_list list_1
    Your lists Log in to create your own lists
  • Log in to your account
  • Your cookies
  • Search history
Southville International School and Colleges
  • Advanced search
  • Recent comments
  • Most popular
  • Libraries

Log in to your account

Log in with GOOGLE


If you do not have an external account, but do have a local account, you can still log in:

  1. Home
  2. MARC view: Behind a mask
Normal view MARC view ISBD view

Behind a mask (Record no. 16026)

[ view plain ]
MARC details
000 -LEADER
fixed length control field 01595cam a2200397 a 4500
001 - CONTROL NUMBER
control field 1189550
003 - CONTROL NUMBER IDENTIFIER
control field OSt
005 - DATE AND TIME OF LATEST TRANSACTION
control field 20140310182803.0
008 - FIXED-LENGTH DATA ELEMENTS--GENERAL INFORMATION
fixed length control field 970624r1975nyuaf b 000 1 eng
010 ## - LIBRARY OF CONGRESS CONTROL NUMBER
LC control number 97165375
020 ## - INTERNATIONAL STANDARD BOOK NUMBER
International Standard Book Number 0688033709
040 ## - CATALOGING SOURCE
Original cataloging agency DLC
Transcribing agency DLC
Modifying agency DLC
050 00 - LIBRARY OF CONGRESS CALL NUMBER
Classification number PS 1017
Item number .B419 1975
082 00 - DEWEY DECIMAL CLASSIFICATION NUMBER
Classification number M 813.4
-- 21
Item number B39 1975
100 1# - MAIN ENTRY--PERSONAL NAME
Personal name Alcott, Louisa May,
Dates associated with a name 1832-1888.
245 10 - TITLE STATEMENT
Title Behind a mask
Remainder of title The unknown thrillers of Louisa May Alcott
Statement of responsibility, etc edited and with an introduction and afterword by Stern, Madeleine
250 ## - EDITION STATEMENT
Edition statement 1st Quill ed.
260 ## - PUBLICATION, DISTRIBUTION, ETC. (IMPRINT)
Place of publication, distribution, etc New York
Name of publisher, distributor, etc Quill
Date of publication, distribution, etc c1975
300 ## - PHYSICAL DESCRIPTION
Extent xxxiii, 281 p., [2] leaves of plates
Other physical details ill.
Dimensions 24 cm.
504 ## - BIBLIOGRAPHY, ETC. NOTE
Bibliography, etc Includes bibliographical references (p. xxix-xxxiii).
505 0# - FORMATTED CONTENTS NOTE
Formatted contents note Behind a mask, or, A woman's power -- Pauline's passion and punishment -- The mysterious key and what it opened -- The abbot's ghost, or, Maurice Treherne's temptation.
521 ## - TARGET AUDIENCE NOTE
Target audience note
526 ## - STUDY PROGRAM INFORMATION NOTE
Reading level 1210L-1700L
541 ## - IMMEDIATE SOURCE OF ACQUISITION NOTE
-- 1
562 ## - COPY AND VERSION IDENTIFICATION NOTE
Number of copies for circulation. 1 copy available in the collection
650 #0 - SUBJECT ADDED ENTRY--TOPICAL TERM
Topical term or geographic name as entry element Detective and mystery stories, American.
650 #0 - SUBJECT ADDED ENTRY--TOPICAL TERM
Topical term or geographic name as entry element Women
General subdivision Social life and customs
-- Fiction.
650 #0 - SUBJECT ADDED ENTRY--TOPICAL TERM
Topical term or geographic name as entry element Man-woman relationships
General subdivision Fiction.
650 #0 - SUBJECT ADDED ENTRY--TOPICAL TERM
Topical term or geographic name as entry element Feminism
General subdivision Fiction.
650 #0 - SUBJECT ADDED ENTRY--TOPICAL TERM
Topical term or geographic name as entry element Sex role
General subdivision Fiction.
700 1# - ADDED ENTRY--PERSONAL NAME
Personal name Stern, Madeleine B.,
Dates associated with a name 1912-2007.
856 42 - ELECTRONIC LOCATION AND ACCESS
Materials specified Publisher description
Uniform Resource Identifier <a href="http://www.loc.gov/catdir/description/hc043/97165375.html">http://www.loc.gov/catdir/description/hc043/97165375.html</a>
906 ## - LOCAL DATA ELEMENT F, LDF (RLIN)
a 7
b cbc
c orignew
d 2
e ncip
f 19
g y-gencatlg
942 ## - ADDED ENTRY ELEMENTS (KOHA)
Source of classification or shelving scheme Library of Congress Classification
Koha item type Books
Call number prefix
Holdings
Withdrawn status Lost status Source of classification or shelving scheme Damaged status Home library Current library Shelving location Date acquired Source of acquisition Total Checkouts Full call number Barcode Date last seen Copy number Price effective from Koha item type
    Library of Congress Classification   Archives Archives   02/13/2013 Donation   PS 1017 .B419 1975 C2167 05/15/2018 1 02/13/2013 Books

Behind a mask

APA

Alcott L. M., Stern M. B., . (1975). Behind a mask. New York: Quill.

Chicago

Alcott Louisa May, Stern Madeleine B, . 1975. Behind a mask. New York: Quill.

Harvard

Alcott L. M., Stern M. B., . (1975). Behind a mask. New York: Quill.

MLA

Alcott Louisa May, Stern Madeleine B, . Behind a mask. New York: Quill. 1975.

  • Place hold
  • Print
  • Cite
  • Add to your cart (remove)
  • Save record
    BIBTEX Dublin Core MARCXML MARC (non-Unicode/MARC-8) MARC (Unicode/UTF-8) MARC (Unicode/UTF-8, Standard) MODS (XML) RIS
  • More searches
    Search for this title in:
    Other Libraries (WorldCat) Other Databases (Google Scholar) Online Stores (Bookfinder.com) Open Library (openlibrary.org)

Exporting to Dublin Core...

SOUTHVILLE LIBRARY

Southville International School and Colleges Library

1281 Tropical Ave. Cor. Luxembourg St., BF Homes International, Las Pinas City

Tel. No. 8256374 / 252358 Loc. 117/146

Powered by Koha